Oceňovanie profesionálnych futbalových klubov

Metodický postup ocenenia futbalového klubu a stavovenie postupu výpočtu hodnoty futbalového klubu pôsobiacom v SR. Hľadisko stanovenia trhovej hodnoty profesionálneho hráča. Závery ocenenia a kvantitatívne metódy využitia matematicko-štatistického aparátu.

Gespeichert in:
Bibliographische Detailangaben
1. Verfasser: Polončák, Milan
Weitere Verfasser: Baumöhl, Eduard, 1982-, Lyócsa, Štefan, 1982-, Schwartzová, Zuzana
Format: Buchkapitel
Sprache:Slowakisch
Schlagworte:
Tags: Tag hinzufügen
Keine Tags, Fügen Sie das erste Tag hinzu!

MARC

LEADER 00000nla$a2200000$$$4500
001 0120755
005 20240502072351.3
041 0 |a slo 
044 |a SK 
245 1 0 |a Oceňovanie profesionálnych futbalových klubov  |c Milan Polončák, Eduard Baumöhl, Štefan Lyócsa, Zuzana Schwartzová 
520 |a Metodický postup ocenenia futbalového klubu a stavovenie postupu výpočtu hodnoty futbalového klubu pôsobiacom v SR. Hľadisko stanovenia trhovej hodnoty profesionálneho hráča. Závery ocenenia a kvantitatívne metódy využitia matematicko-štatistického aparátu. 
610 2 0 |a oceňovanie 
610 2 0 |a oceňovanie ekonomické 
610 2 0 |a majetok nehmotný 
610 2 0 |a aktíva 
610 2 0 |a profesiogramy 
610 2 0 |a Slovensko 
610 2 0 |a šport 
610 2 0 |a metódy matematicko-štatistické 
610 2 0 |a porovnanie štatistické 
100 1 |a Polončák, Milan 
700 1 |a Baumöhl, Eduard, 1982- 
700 1 |a Lyócsa, Štefan, 1982- 
700 1 |a Schwartzová, Zuzana